[Event "Geneve op"]
[Site "Geneve"]
[Date "1995.??.??"]
[Round "2"]
[White "Fioramonti, Hung"]
[Black "Khenkin, Igor"]
[Result "0-1"]
[WhiteElo "2390"]
[BlackElo "2530"]

1.c4 b6 2.d4 e6 3.a3 Bb7 4.Nc3 f5 5.Nf3 Nf6 6.d5 g6 7.g3 Bg7 8.Bg2 O-O 9.O-O Na6
10.e4 Nxe4 11.Nxe4 fxe4 12.Ng5 exd5 13.cxd5 Nc5 14.Nxe4 Nxe4 15.Bxe4 Qf6
16.Rb1 Qd4 17.Qc2 Rae8 18.Bd3 Bxd5 19.Rd1 Qg4 20.Bf1 Rxf2 21.Qd3 Rxf1+ 22.Qxf1 Bd4+  0-1

[Event "BL2-N9495"]
[Site "Germany"]
[Date "1995.??.??"]
[Round "?"]
[White "Apel, Stefan"]
[Black "Blauert, Joerg"]
[Result "1/2-1/2"]
[WhiteElo "2305"]
[BlackElo "2390"]

1.c4 b6 2.Nc3 Bb7 3.d4 e6 4.a3 f5 5.d5 Nf6 6.g3 Na6 7.Bg2 Nc5 8.Nf3 Nce4
9.O-O Nxc3 10.bxc3 Bc5 11.Nd4 O-O 12.dxe6 Bxg2 13.Kxg2 Ne4 14.Qc2 Qf6 15.exd7 Bxd4
16.cxd4 Qxd4 17.f3 Nc5  1/2-1/2

[Event "Mittelfranken-ch"]
[Site "Germany"]
[Date "1995.??.??"]
[Round "6"]
[White "Willim, Michael"]
[Black "Feist, Reiner"]
[Result "1-0"]
[WhiteElo "1920"]
[BlackElo "1955"]

1.c4 b6 2.Nc3 c5 3.Nf3 g6 4.g3 Bg7 5.Bg2 Bb7 6.O-O Nc6 7.e3 Nh6 8.d4 d6 9.d5 Nb8
10.e4 Nd7 11.h3 Bc8 12.Be3 f6 13.a3 O-O 14.Qd2 Nf7 15.Nh2 Nde5 16.b3 g5 17.f4 gxf4
18.gxf4 Ng6 19.Rae1 f5 20.Ne2 Nh4 21.Ng3 fxe4 22.Nxe4 Nh6 23.Ng5 Nxg2 24.Qxg2 Nf5
25.Qe4 Rf6 26.Bf2 h6 27.Ne6 Bxe6 28.dxe6 Rg6+ 29.Kh1 Ng3+ 30.Bxg3 Rxg3 31.Rf3 Rxf3
32.Qxf3 Rc8 33.Rg1 Qf8 34.Ng4 Kh8 35.Qe4 Qe8 36.Ne3 Qh5 37.Kh2 Bd4 38.Qg2 Rf8
39.Kh1 Qe8 40.Qg3 Qh5 41.Rg2 Bf6 42.Nd5 Qf5 43.Nxe7  1-0

[Event "Giessen op"]
[Site "Giessen"]
[Date "1995.??.??"]
[Round "3"]
[White "Bandza, Algirdas"]
[Black "Drill, Frank"]
[Result "1-0"]
[WhiteElo "2400"]
[BlackElo "2155"]

1.c4 b6 2.d4 e6 3.Nf3 Bb7 4.g3 Bb4+ 5.Nc3 f5 6.Bg2 Nf6 7.O-O O-O 8.Qc2 a5
9.b3 Bxc3 10.Qxc3 Qe8 11.Bb2 Qh5 12.d5 Na6 13.Ne5 Nc5 14.Bf3 Qh3 15.Bg2 Qh5
16.dxe6 Bxg2 17.Kxg2 dxe6 18.f3 Rfd8 19.Qe3 Qe8 20.Nd3 Nfd7 21.Rad1 Qf7 22.Rd2 Re8
23.Nxc5 Nxc5 24.Rfd1 Nb7 25.Be5 Re7 26.a3 h6 27.b4 axb4 28.axb4 Kh7 29.h4 Qe8
30.Qc3 Nd8 31.b5 Nb7 32.Rd4 Ra2 33.R4d2 Ra4 34.Qc2 Ra3 35.Rd3 Ra8 36.Qd2 Qf7
37.Rd7 Nc5 38.Rd8 Ra3 39.Rc8 Rd7 40.Qc2 Ra7 41.Rd2 Nb3 42.Rd3 Nc5 43.Rd1 Qe7
44.h5 Qg5 45.Rxd7 Nxd7 46.Rxc7 Rxc7 47.Bxc7 Qxh5 48.c5 Nf6 49.cxb6 Nd5 50.Qc1 f4
51.b7 Qg5 52.Bxf4 Nxf4+ 53.Qxf4 Qxb5 54.b8=Q Qxe2+ 55.Kh3 Qf1+ 56.Kg4 h5+
57.Kg5  1-0

[Event "HUN-chT2 9596"]
[Site "HUN"]
[Date "1995.??.??"]
[Round "4"]
[White "Kocsis, Janos"]
[Black "Kirjak, Robert"]
[Result "1/2-1/2"]
[WhiteElo "2290"]
[BlackElo "2060"]

1.c4 b6 2.Nc3 e6 3.Nf3 Bb7 4.g3 f5 5.Bg2 Nf6 6.O-O Bb4 7.Qc2 Bxc3 8.Qxc3 O-O
9.d3 Qe8 10.b4 d6 11.Bb2 Nbd7 12.Qd2 Qh5 13.Nd4 Bxg2 14.Kxg2 Qf7 15.f4 a6
16.Nc6 Nb8 17.Nxb8 Raxb8 18.a4 Qh5 19.Rae1 e5 20.e3 Rbe8 21.Qe2 Qh6  1/2-1/2

[Event "Clarin op"]
[Site "La Carlota"]
[Date "1995.??.??"]
[Round "7"]
[White "Valerga, Diego"]
[Black "Pereyra Arcija, Diego"]
[Result "0-1"]
[WhiteElo "2475"]
[BlackElo "2290"]

1.c4 b6 2.d4 Bb7 3.Nf3 e6 4.a3 Nf6 5.Nc3 d5 6.cxd5 Nxd5 7.Qc2 Nxc3 8.Qxc3 Nd7
9.Bg5 f6 10.Bh4 c5 11.e3 Bxf3 12.gxf3 cxd4 13.Qxd4 Bc5 14.Qa4 a6 15.Rd1 b5
16.Qe4 Kf7 17.f4 g6 18.Bg2 Ra7 19.O-O Be7 20.b4 Qc8 21.Bg3 f5 22.Qd4 Rc7
23.e4 h5 24.Rfe1 Bf6 25.e5 Be7 26.h4 Rd8 27.Qe3 Rc3 28.Qa7 Rxa3 29.Bd5 Nf8
30.Bb7 Qb8 31.Qb6 Rc8 32.Rc1 Bd8 33.Rxc8 Qxc8 34.Bxc8 Bxb6 35.Kg2 a5 36.Rb1 axb4
37.Rxb4 Ra5 38.f3 Ke7 39.Rb2 Kd8 40.Be1 Ra1 41.Bb4 Nd7 42.Bxd7 Kxd7 43.Rd2+ Kc7
44.Be7  0-1

[Event "Linz"]
[Site "Linz"]
[Date "1995.??.??"]
[Round "3"]
[White "Heimberger, Reinhard"]
[Black "Teske, Henrik"]
[Result "1/2-1/2"]
[WhiteElo "2275"]
[BlackElo "2465"]

1.c4 b6 2.Nc3 Bb7 3.e4 e6 4.d4 Bb4 5.f3 f5 6.exf5 Nh6 7.Bxh6 Qh4+ 8.g3 Qxh6
9.Qd2 Qxd2+ 10.Kxd2 Nc6 11.Ne2 Rf8 12.Bh3 e5 13.Rhe1 O-O-O 14.a3 Be7 15.Nd5 Bf6
16.Nxf6 Rxf6 17.d5 Rh6 18.Ng1 Nd4 19.Kc3 Re8 20.f4 c5 21.fxe5 b5 22.b4 bxc4
23.bxc5 Nb3 24.Rad1 Nxc5 25.Kxc4 Na4 26.Kd4 Ra6 27.e6 d6 28.Ne2 Nc5 29.Nc3 Rxa3
30.Nb5 Ra4+ 31.Ke3 Ra6 32.Bf1 Kd8 33.Bc4 Ke7 34.Ra1 Rxa1 35.Rxa1 a6 36.Nc3 Rc8
37.Rb1 Kf6 38.Bd3 Ke5 39.Ne2 Bxd5 40.Nc3 Ba8 41.Rb6 a5 42.Nb5 Nxd3 43.Nxd6 Nb4
44.Nxc8 Nd5+ 45.Kf2 Nxb6 46.Nxb6 Bc6 47.Nc4+  1/2-1/2

[Event "Lyon op"]
[Site "Lyon"]
[Date "1995.??.??"]
[Round "8"]
[White "Foisor, Cristina Adela B"]
[Black "Markowski, Tomasz"]
[Result "1/2-1/2"]
[WhiteElo "2375"]
[BlackElo "2470"]

1.c4 b6 2.Nf3 Bb7 3.g3 e6 4.Bg2 Nf6 5.O-O Be7 6.Nc3 O-O 7.d4 Na6 8.b3 d5
9.Ne5 c5 10.dxc5 bxc5 11.Bb2 Re8 12.e3 Rb8 13.Qe2 Qb6 14.Rfd1 Rbd8 15.Rac1 h5
16.h3 Qc7 17.Na4 Qb8 18.Nd3 h4 19.Be5 Qa8  1/2-1/2

[Event "Capablanca mem-C"]
[Site "Matanzas"]
[Date "1995.??.??"]
[Round "12"]
[White "Perez, Rodney"]
[Black "Li, Manuel"]
[Result "1/2-1/2"]
[WhiteElo "2305"]
[BlackElo "2345"]

1.c4 b6 2.e4 Bb7 3.Nc3 e6 4.Nf3 Bb4 5.e5 f5 6.d4 Bxc3+ 7.bxc3 Ne7 8.a4 Nbc6
9.Ba3 Na5 10.Be2 O-O 11.O-O Re8 12.Rb1 Ng6 13.Bb4 Nc6 14.Qd2 Nxb4 15.cxb4 a5
16.b5 d6 17.Qe3 f4 18.Qc3 dxe5 19.dxe5 Qe7 20.c5 Bd5  1/2-1/2

[Event "Moscow7"]
[Site "Moscow"]
[Date "1995.??.??"]
[Round "?"]
[White "Dragomarezkij, Evgeni"]
[Black "Ivanov, V."]
[Result "1/2-1/2"]
[WhiteElo "2465"]
[BlackElo "2445"]

1.c4 b6 2.Nc3 Bb7 3.d4 e6 4.Qc2 f5 5.Nf3 Nf6 6.e3 g6 7.Bd3 Bg7 8.b3 O-O 9.Bb2 Nc6
10.a3 e5 11.dxe5 Ng4 12.Nd5 Ncxe5 13.Be2 Nxf3+ 14.Bxf3 Ne5 15.Rd1 Nxf3+ 16.gxf3 Bxb2
17.Qxb2 f4 18.Ke2 fxe3 19.fxe3 c6 20.Nf4 Qe7 21.Rd4 Rae8 22.Re4 Qf7 23.Rxe8 Rxe8
24.Kf2 Qe7 25.Re1 d5 26.Re2 dxc4 27.bxc4 Qh4+ 28.Kg2 c5 29.h3 Qg5+ 30.Kf2 h5
31.Qb1 Kh7 32.Rd2 Re7 33.Rd6 Rg7 34.Qd3 Qh4+ 35.Kg2 Qg5+ 36.Kf2 h4 37.Ne2 Qe5
38.Nf4 Qg5 39.Ne2 Qe5  1/2-1/2

[Event "Moscow-ch op"]
[Site "Moscow"]
[Date "1995.??.??"]
[Round "9"]
[White "Shvedchikov, Anatoli I"]
[Black "Svistunov, K."]
[Result "1-0"]
[WhiteElo "2345"]
[BlackElo "2285"]

1.c4 b6 2.Nc3 e6 3.e4 c5 4.Nf3 Bb7 5.d4 cxd4 6.Nxd4 d6 7.Be2 a6 8.O-O Nf6
9.f3 Be7 10.Qc2 Nbd7 11.Rd1 O-O 12.a3 Rc8 13.Be3 Rc7 14.b4 Qa8 15.Na4 Rfc8
16.Bf1 d5 17.exd5 exd5 18.Nf5 Bf8 19.Nxb6 Nxb6 20.Bxb6 Rd7 21.c5  1-0

[Event "JUG-ch sf"]
[Site "Nis"]
[Date "1995.??.??"]
[Round "?"]
[White "Jovic, Stanoje"]
[Black "Petronic, Jovan"]
[Result "0-1"]
[WhiteElo "2265"]
[BlackElo "2450"]

1.c4 b6 2.Nf3 Bb7 3.g3 Bxf3 4.exf3 c5 5.d4 cxd4 6.Qxd4 Nc6 7.Qd1 e6 8.Bg2 Nf6
9.O-O Be7 10.Nc3 O-O 11.Ne4 Nxe4 12.fxe4 e5 13.Qg4 Bc5 14.Bh3 Bd4 15.Rb1 d6
16.Bg5 f6 17.Bd2 Qc7 18.b4 a5 19.b5 Nd8 20.Qe2 Re8 21.Kg2 Nb7 22.Bg4 Nc5
23.h4 Re7 24.h5 Rf8 25.Rh1 Ne6 26.Bf5 Bc5 27.Rh4 Nd4 28.Qg4 Nxf5 29.exf5 Qb7+
30.f3 d5 31.Rbh1 e4 32.h6 Rff7 33.Kf1 e3 34.Be1 e2+ 35.Kg2 d4 36.Bd2 d3 37.hxg7 Rxg7
38.Rxh7 Rxg4 39.Rh8+ Kf7 40.R1h7+ Rg7 41.Bh6 Qxf3+  0-1

[Event "JUG-chT"]
[Site "Nis"]
[Date "1995.??.??"]
[Round "?"]
[White "Raicevic, Ivica"]
[Black "Djosic, Slavoljub"]
[Result "1-0"]
[WhiteElo "2385"]
[BlackElo "2250"]

1.c4 b6 2.Nf3 Bb7 3.g3 e6 4.Bg2 g5 5.h3 h5 6.d4 Be7 7.Nc3 d6 8.e4 Nd7 9.Be3 a6
10.Qd2 f6 11.Qc2 Nh6 12.h4 g4 13.Nd2 c5 14.d5 e5 15.O-O Bf8 16.Nb3 Bg7 17.Qd2 Nf8
18.a4 a5 19.Nb5 Ba6 20.f3 Bxb5 21.axb5 Ng6 22.fxg4 hxg4 23.Rf2 Ra7 24.Bf1 Qa8
25.Nc1 a4 26.Ra3 Ne7 27.Kg2 Qb7 28.Be2 Qd7 29.Qd1 f5 30.Bg5 f4 31.gxf4 exf4
32.Rxf4 Ng6 33.Rf1 Bxb2 34.Rxa4 Bxc1 35.Rxa7 Qxa7 36.Qxc1 Nf7 37.Bf6 Qa2
38.Qe3 Rh7 39.Ra1 Qc2 40.Ra8+ Kd7 41.Kg3 Nge5 42.Qa3  1-0

[Event "Komercni Banka op"]
[Site "Olomouc"]
[Date "1995.??.??"]
[Round "7"]
[White "Sekanina, Jiri"]
[Black "Konecny, M."]
[Result "1/2-1/2"]
[WhiteElo "2145"]
[BlackElo "1990"]

1.c4 b6 2.Nf3 Bb7 3.Nc3 c5 4.d4 cxd4 5.Nxd4 e6 6.e4 Bb4 7.f3 Ne7 8.Be2 O-O
9.O-O Bxc3 10.bxc3 d5 11.cxd5 exd5 12.e5 Qc7 13.Nb5 Qxe5 14.f4 Qf6  1/2-1/2

[Event "Paris op"]
[Site "Paris"]
[Date "1995.??.??"]
[Round "?"]
[White "Forintos, Gyozo V"]
[Black "Bricard, Emmanuel"]
[Result "0-1"]
[WhiteElo "2485"]
[BlackElo "2500"]

1.c4 b6 2.b3 Bb7 3.Bb2 Nf6 4.Nf3 c5 5.e3 g6 6.g3 Bg7 7.Bg2 O-O 8.O-O Na6
9.d3 d5 10.Qe2 e6 11.Rd1 Qe7 12.Nc3 Rfd8 13.Rac1 Nb4 14.Ba1 Rac8 15.cxd5 exd5
16.Bh3 Rb8 17.a3 Nc6 18.Nb1 d4 19.e4 Nd5 20.Re1 Nc7 21.Qd1 a5 22.Bb2 Ba6
23.Rc2 Bb5 24.Rce2 Ra8 25.a4 Ba6 26.Na3 Nb4 27.Nc4 b5 28.axb5 Nxb5 29.Nb6 Nc3
30.Bxc3 dxc3 31.Nxa8 Rxd3 32.Qc1 Rxf3 33.Re3 Rxe3 34.Rxe3 Qd8 35.e5 c2 36.Bg2 Qd1+
37.Re1 Qxc1 38.Rxc1 Bd3 39.Bf1 Bf5 40.g4 Bh6 41.gxf5 Bxc1  0-1

[Event "Radviliskis op"]
[Site "Radviliskis"]
[Date "1995.??.??"]
[Round "4"]
[White "Kryzius, Kestutis"]
[Black "Piesina, Gintautas"]
[Result "0-1"]
[WhiteElo "2225"]
[BlackElo "2400"]

1.c4 b6 2.Nc3 Bb7 3.e4 e6 4.d4 Bb4 5.Qc2 Qh4 6.Bd3 f5 7.g3 Qh5 8.f3 Nc6 9.d5 Nd4
10.Qf2 fxe4 11.Qxd4 exd3 12.Qxg7 O-O-O 13.Qxh8 exd5 14.Be3 Re8 15.O-O-O Nh6
16.Qxe8+ Qxe8 17.Bxh6 dxc4 18.Bd2 d5 19.Nh3 d4 20.Ne4 c3 21.Nf4 Bxe4 22.fxe4 Qa4
23.Nxd3 Qxa2 24.Kc2 Qa4+ 25.Kc1 cxd2+ 26.Kb1 Ba5 27.Rhf1 Qb3 28.Nc1 dxc1=Q+
29.Kxc1 d3 30.Rf2 Qc4+ 31.Kb1 d2 32.Rfxd2 Bxd2 33.Rxd2 Qxe4+ 34.Kc1 Qc4+
35.Kd1 a5  0-1

[Event "Reykjavik Olafsson"]
[Site "Reykjavik"]
[Date "1995.??.??"]
[Round "3"]
[White "Petursson, Margeir"]
[Black "Gretarsson, Helgi Ass"]
[Result "1-0"]
[WhiteElo "2565"]
[BlackElo "2440"]

1.c4 b6 2.d4 e6 3.a3 Bb7 4.Nc3 f5 5.d5 Nf6 6.Nf3 g6 7.dxe6 dxe6 8.Qxd8+ Kxd8
9.Bf4 Bd6 10.Bg3 f4 11.Bh4 Ke7 12.e3 Nd7 13.Bd3 Rag8 14.Be4 Bxe4 15.Nxe4 fxe3
16.fxe3 h6 17.Nd4 g5 18.Nc6+ Kf7 19.Nxd6+ cxd6 20.Bg3 e5 21.Nxa7 Ke6 22.Ke2 Ra8
23.Nb5 Rhc8 24.Rac1 Ne4 25.Be1 h5 26.Bb4 Rc6 27.b3 g4 28.Be1 Ndc5 29.Rb1 Rf8
30.Rf1 Rxf1 31.Kxf1 d5 32.cxd5+ Kxd5 33.Rd1+ Ke6 34.Rc1 Nd6 35.Nd4+ exd4
36.exd4 Nb5 37.dxc5 bxc5 38.Bf2 Kd5 39.Rd1+ Ke4 40.a4 Nc3 41.Rd8 Nd5 42.Re8+ Kf5
43.a5 Ra6 44.Bg3 h4 45.Be1 Nb4 46.Rh8 Kg6 47.Rxh4 Kg5 48.Rh8 Rxa5 49.Bd2+ Kf6
50.Bxb4 cxb4 51.Rb8 Ra2 52.Rxb4 Kf5 53.Rc4 Rb2 54.b4 Kg5 55.h3 g3 56.Rg4+ Kf5
57.Rxg3 Rxb4 58.Rf3+ Kg5 59.g3 Rb2 60.Rf2 Rb3 61.Kg2 Ra3 62.h4+ Kg4 63.Rf4+ Kh5
64.Kh3 Rb3 65.Re4 Ra3 66.Re5+ Kg6 67.Kg4  1-0

[Event "St Affrique op"]
[Site "St Affrique"]
[Date "1995.??.??"]
[Round "6"]
[White "Lavabre, Fabien"]
[Black "Bricard, Emmanuel"]
[Result "1/2-1/2"]
[WhiteElo "2025"]
[BlackElo "2485"]

1.c4 b6 2.Nc3 e6 3.Nf3 Bb7 4.g3 Bxf3 5.exf3 c5 6.f4 Nc6 7.Bg2 Nge7 8.d3 Nf5
9.Be3 Be7 10.Qd2 Rb8 11.Rd1 Qc7 12.O-O a6 13.Be4 Nfd4 14.f5 O-O 15.fxe6 dxe6
16.f4 b5 17.f5 b4 18.Ne2 exf5 19.Bxf5 Bf6 20.Be4 Nxe2+ 21.Qxe2 Bd4 22.Bxc6 Bxe3+
23.Qxe3 Qxc6 24.Rf5 Rbc8 25.Rdf1 f6 26.Qf3 Rfd8 27.g4 Qd7 28.Rd5 Qf7 29.Qf5 Qe7
30.Rf4 Rxd5 31.Qxd5+ Qf7 32.Rf5 Kf8 33.Kf2 Qxd5 34.Rxd5 Ke7 35.Ke3 Ke6 36.Rh5 h6
37.Rd5  1/2-1/2

[Event "AUS-ch"]
[Site "Sydney"]
[Date "1995.??.??"]
[Round "4"]
[White "Johansen, Darryl K"]
[Black "Sandler, Leonid"]
[Result "1/2-1/2"]
[WhiteElo "2500"]
[BlackElo "2375"]

1.c4 b6 2.Nc3 Bb7 3.e4 e6 4.Nf3 Bb4 5.Bd3 Ne7 6.O-O Bxc3 7.dxc3 d6 8.Nd4 Nd7
9.f3 O-O 10.Re1 e5 11.Nc2 f5 12.exf5 Nxf5 13.Ne3 Nxe3 14.Bxe3 Qh4 15.Qd2 Rae8
16.b4 Qh5 17.c5 bxc5 18.Bb5 Rd8 19.bxc5 e4 20.Bxd7 Rxd7 21.f4 Qd5 22.Qf2 a6
23.Red1 Qf7 24.Qb2 Bd5 25.cxd6 cxd6 26.Qa3 Ra8 27.Rd2 Bc4 28.Rb1 d5 29.h3 h6
30.Rb6 Re8 31.Kh2 Kh7 32.Qb4 Re6 33.Rb8 Re8 34.Rxe8 Qxe8 35.a4 Qe7 36.Qxe7 Rxe7
37.Rb2 Bd3 38.Rb6 Rc7 39.Bd4 Re7  1/2-1/2

[Event "AUS-ch"]
[Site "Sydney"]
[Date "1995.??.??"]
[Round "7"]
[White "Gedevanishvili, Dmitry"]
[Black "Sandler, Leonid"]
[Result "1-0"]
[WhiteElo "2365"]
[BlackElo "2375"]

1.c4 b6 2.Nc3 Bb7 3.e4 e6 4.g3 Bb4 5.Nge2 f5 6.Bg2 Nf6 7.O-O fxe4 8.Qc2 Bxc3
9.Nxc3 O-O 10.Nxe4 Nxe4 11.Bxe4 Bxe4 12.Qxe4 Nc6 13.d4 Qf6 14.Be3 Qf5 15.Qxf5 Rxf5
16.Rfd1 h5 17.Kg2 Raf8 18.h3 d6 19.Rd2 Ne7 20.Re1 Ng6 21.b3 e5 22.h4 Re8
23.Bg5 Rff8 24.Rde2 Rb8 25.dxe5 Nxe5 26.Rd1 Rfe8 27.Bc1 Nc6 28.Rde1 Rxe2
29.Rxe2 Kf7 30.Bb2 a5 31.Re4 Nb4 32.Rf4+ Kg8 33.Rf5 Rf8 34.Rxh5 Nxa2 35.Rg5 Rf7
36.h5 Kh7 37.Rd5 Re7 38.Rd2 Nb4 39.g4 Re1 40.g5 Rb1 41.f4 Kg8 42.Kf3 c6 43.Kg4 d5
44.Kf5 Re1 45.Bc3 Re8 46.Bxb4 axb4 47.cxd5 c5 48.d6 b5 49.d7 Rd8 50.Ke6 Kf8
51.Kd6  1-0

[Event "JUG-chT (Women)"]
[Site "Tivat"]
[Date "1995.??.??"]
[Round "5"]
[White "Kostic, Milutin B"]
[Black "Zivkovic, Branimir"]
[Result "1-0"]
[WhiteElo "2315"]
[BlackElo "2230"]

1.c4 b6 2.Nc3 Bb7 3.e4 d6 4.d4 Nd7 5.Be3 Ngf6 6.f3 e6 7.Bd3 Be7 8.Nge2 O-O
9.O-O c5 10.d5 e5 11.Ng3 Re8 12.Nf5 Nh5 13.Ne2 g6 14.Nh6+ Kg7 15.Qd2 Bc8
16.g4 Nhf6 17.Ng3 Ng8 18.Rf2 Nxh6 19.Bxh6+ Kg8 20.Rg2 Bf8 21.Bxf8 Rxf8 22.Qh6 Qf6
23.g5 Qf4 24.Re1 Ba6 25.Be2 Rad8 26.Kh1 Kh8 27.Nf1 f5 28.exf5 Qxf5 29.Ng3 Qf7
30.Bd3 Qg7 31.Qxg7+ Kxg7 32.Rf2 e4 33.Rxe4 Ne5 34.Be2 Rf7 35.f4 Rdf8 36.Rf1 Nd7
37.Kg2 Bb7 38.Bg4 b5 39.b3 bxc4 40.bxc4 Ba6 41.Be6 Re7 42.f5 Rxe6 43.dxe6 Bb7
44.f6+ Nxf6 45.e7  1-0

[Event "JUG-chT (Women)"]
[Site "Tivat"]
[Date "1995.??.??"]
[Round "9"]
[White "Kostic, Milutin B"]
[Black "Vuksanovic, Sanja"]
[Result "1/2-1/2"]
[WhiteElo "2315"]
[BlackElo "2320"]

1.c4 b6 2.Nc3 Bb7 3.Nf3 e6 4.g3 Bxf3 5.exf3 c5 6.Bg2 Nc6 7.O-O Nf6 8.f4 Rc8
9.Re1 Be7 10.g4 Kf8 11.g5 Ne8 12.Re3 Nd6 13.b3 Nf5 14.Rh3 Ncd4 15.d3 Qc7
16.Be3 Bd6 17.Qg4 a6 18.Be4 Kg8 19.Bxd4 cxd4 20.Ne2 h5 21.Rxh5 Rxh5 22.Qxh5 Bxf4
23.Bxf5 exf5 24.g6 fxg6 25.Qxg6 Bxh2+ 26.Kg2 Be5 27.Qxf5 Qc6+ 28.f3 Re8 29.Rh1 Qf6
30.Rh8+ Kxh8 31.Qh5+ Kg8 32.Qxe8+ Kh7 33.Qh5+ Kg8 34.Qg4 Kf8 35.f4 Bd6 36.Kf3 Ke8
37.Qh5+ g6 38.Qd5 Bxf4 39.Qg8+ Ke7 40.Qh7+ Kd8 41.Nxf4 g5 42.Qe4 gxf4  1/2-1/2

[Event "FRA-ch (Women)"]
[Site "Toulouse"]
[Date "1995.??.??"]
[Round "5"]
[White "Delahaye, Raphaelle"]
[Black "Gervais, Claire"]
[Result "1-0"]
[WhiteElo "2055"]
[BlackElo "2190"]

1.c4 b6 2.Nc3 Bb7 3.d3 e6 4.Nf3 Nf6 5.e4 d6 6.Be2 Be7 7.O-O O-O 8.Qc2 c5
9.Rb1 Nc6 10.a3 Rc8 11.Bd2 a6 12.b4 Nd4 13.Qb2 d5 14.cxd5 exd5 15.Nxd4 cxd4
16.Nxd5 Nxd5 17.exd5 Bf6 18.Bg4 Bxd5 19.Bxc8 Qxc8 20.Bf4 Qg4 21.Bg3 h5 22.f3 Qg6
23.Qe2 h4 24.Bd6 Rd8 25.Bc7 Rc8 26.Rbc1 Bg5 27.Bf4 Bxf4 28.Rxc8+ Kh7 29.Re8 Bc6
30.Re4 Bxe4 31.Qxe4 Be3+ 32.Kh1 Qxe4 33.fxe4 Kg6 34.a4 f6 35.Rf5 Kf7 36.b5 a5
37.g3 hxg3 38.hxg3 g6 39.Rd5 Ke7 40.Kg2 g5 41.g4 Bd2 42.Rxd4 Be3 43.Rc4 Ke6
44.Kf3 Bg1 45.d4 Kd7 46.Ke2  1-0

[Event "FRA-ch (Women)"]
[Site "Toulouse"]
[Date "1995.??.??"]
[Round "6"]
[White "Lebel Arias, Julia"]
[Black "Gervais, Claire"]
[Result "0-1"]
[WhiteElo "2055"]
[BlackElo "2190"]

1.c4 b6 2.Nc3 Bb7 3.e4 e6 4.Nf3 c5 5.g3 d6 6.Bg2 Nf6 7.d3 Be7 8.O-O Nc6 9.b3 a6
10.Bb2 Qc7 11.d4 cxd4 12.Nxd4 O-O 13.Rc1 Qd7 14.Nc2 Rab8 15.Ne3 Ba8 16.Ne2 Rfd8
17.Nf4 Ne5 18.Qd4 Qa7 19.h3 Ned7 20.Qc3 b5 21.Ng4 b4 22.Nxf6+ Bxf6 23.Qd2 Bg5
24.Bd4 Nc5 25.Be3 Bf6 26.Rfd1 Qc7 27.f3 a5 28.Nd3 Qe7 29.Qf2 Nxd3 30.Rxd3 Qc7
31.Rcd1 Bc6 32.f4 Be7 33.R1d2 Qb7 34.e5 Bxg2 35.Qxg2 Qxg2+ 36.Kxg2 dxe5 37.Rxd8+ Rxd8
38.Rxd8+ Bxd8 39.fxe5 Bc7 40.Bd4 h5 41.Kf3 Bd8 42.Ba7 Kf8 43.c5 Ke8 44.c6 Bc7
45.Ke4 f6 46.Bd4 Ke7 47.Bc5+ Kd8 48.Bd6 Kc8 49.g4 hxg4 50.hxg4 g6 51.Kf4 f5
52.gxf5 gxf5 53.Kg5 Bd8+ 54.Kh5 Bb6 55.Kg5 Be3+ 56.Kf6 f4 57.Kxe6 f3 58.Kd5 f2
59.e6 f1=Q 60.e7 Qf7+  0-1

[Event "AUT-ch"]
[Site "Voitsberg"]
[Date "1995.??.??"]
[Round "7"]
[White "Stanec, Nikolaus"]
[Black "Loebler, Heimo"]
[Result "1/2-1/2"]
[WhiteElo "2480"]
[BlackElo "2250"]

1.c4 b6 2.d4 e6 3.Nf3 Bb7 4.g3 Bb4+ 5.Bd2 Bxf3 6.exf3 Bxd2+ 7.Qxd2 d5 8.Bg2 c6
9.b3 Ne7 10.Na3 O-O 11.O-O Qd6 12.Nc2 Nd7 13.Ne3 a5 14.f4 g6 15.Rac1 Qb4
16.Qd3 Qd6 17.Rb1 Rfd8 18.Rfd1 Nf6 19.Qc2 Qc7 20.cxd5 Nexd5 21.Rbc1 Rac8
22.Qb2 Qe7 23.Nc4 Rc7 24.Ne5 Rdc8 25.Nd3 Ne8 26.a3 Nd6 27.Ne5 Ne8 28.h3 Nef6
29.Nd3 Qd6 30.Rd2 Nd7 31.b4 axb4 32.axb4 b5 33.Ra1 N7b6 34.Qb3 Nc4 35.Rdd1 Qe7
36.Rdc1 Ra7 37.Rxa7 Qxa7 38.Ne5 Nxe5 39.dxe5 Qa6 40.Rc5  1/2-1/2

[Event "NBG Open Weilburg"]
[Site "Weilburg"]
[Date "1995.??.??"]
[Round "2"]
[White "Hohmeister, Jens"]
[Black "Kengis, Edvins"]
[Result "0-1"]
[WhiteElo "2190"]
[BlackElo "2565"]

1.c4 b6 2.Nf3 Bb7 3.g3 Bxf3 4.exf3 c5 5.Bg2 Nc6 6.O-O Nf6 7.Nc3 e6 8.Ne2 Rc8
9.b3 Be7 10.Bb2 O-O 11.a3 d5 12.d3 Qc7 13.f4 Rfd8 14.Qc2 a5 15.Rac1 Qb8 16.Rfd1 d4
17.Rf1 g6 18.Rce1 Bf8 19.Bc1 Qd6 20.Bd2 Re8 21.h3 h5 22.Kh2 Re7 23.Ng1 Bg7
24.Nf3 Nd7 25.Re2 Rce8 26.Rfe1 Bf6 27.Ne5 Ncxe5 28.fxe5 Bxe5 29.Rxe5 Nxe5
30.Bf4 f6 31.Bxe5 fxe5 32.Be4 Kg7 33.Qd2 Rf7 34.a4 Ref8 35.Re2 h4 36.g4 Rf4
37.Kg2 R8f7 38.f3 Rxf3 39.Qg5 Rg3+ 40.Kh2 Qe7 41.Qxg6+ Kf8 42.Qh6+ Kg8 43.Qg6+ Kf8
44.Qh6+ Ke8 45.Bc6+ Kd8 46.Qh8+ Kc7 47.Bh1 Qd8 48.Qxd8+ Kxd8 49.Be4 Rf1 50.Rg2 Rxg2+
51.Kxg2 Rb1 52.g5 Rxb3 53.Kf3 b5 54.Kg4 bxa4 55.Kh5 a3 56.g6 Ke7 57.Kh6 a2
58.g7 Rb8  0-1

[Event "NBG Open Weilburg"]
[Site "Weilburg"]
[Date "1995.??.??"]
[Round "4"]
[White "Reschke, Thomas"]
[Black "Kulaots, Kaido"]
[Result "0-1"]
[WhiteElo "2250"]
[BlackElo "2390"]

1.c4 b6 2.g3 Bb7 3.Nf3 Bxf3 4.exf3 c5 5.d4 cxd4 6.Qxd4 Nc6 7.Qd2 e6 8.Nc3 Bc5
9.Bg2 Nf6 10.O-O O-O 11.f4 Qe7 12.b3 Rab8 13.Bb2 Rfd8 14.Rad1 a6 15.a3 Na5
16.Ne4 Nxe4 17.Bxe4 Bxa3 18.Bc3 f5 19.Bc2 Nc6 20.Rfe1 Qf8 21.g4 fxg4 22.Re3 Bb4
23.Qd3 g6 24.Ba1 Qxf4 25.Re4 Qf3 26.Re3 Qf7 27.Rg3 Bf8 28.Rxg4 Bg7 29.Bxg7 Kxg7
30.h4 Qf6 31.Re1 Ne5 32.Rxe5 Qxe5 33.f4 Qf6 34.h5 d5 35.cxd5 Rxd5 36.Qxa6 Ra5
37.Qd3 Rd8 38.Qe4 Rxh5 39.Qb7+ Kg8 40.Qxb6 Qa1+ 41.Kf2  0-1

[Event "Werfen op"]
[Site "Werfen"]
[Date "1995.??.??"]
[Round "6"]
[White "Piven, Igor"]
[Black "Stockmann, Rainer"]
[Result "1-0"]
[WhiteElo "2365"]
[BlackElo "1990"]

1.c4 b6 2.d4 e6 3.a3 Bb7 4.d5 f5 5.Nc3 Nf6 6.Nf3 a5 7.g3 Na6 8.Bg2 Nc5 9.b3 Nce4
10.Bb2 Bc5 11.Nd4 Nxf2 12.Kxf2 e5 13.Na4 exd4 14.Bxd4 Ng4+ 15.Kg1 Bxd4+ 16.Qxd4 O-O
17.h3 Nf6 18.Kh2 d6 19.Rhf1 Bc8 20.Nc3 Bd7 21.Rae1 Qe8 22.e4 Qg6 23.e5 Nh5
24.Qh4 dxe5 25.Bf3 Nf6 26.Rxe5 Rae8 27.Rfe1 Rxe5 28.Rxe5 Re8 29.Qf4 Rxe5
30.Qxe5 Qe8 31.Qxe8+ Nxe8 32.Kg2 Kf7 33.Kf2 Nd6 34.Be2 Kf6 35.h4 Ke5 36.Ke3 Nf7
37.Nd1 Nd6 38.Nf2 h6 39.h5 Ne4 40.Nd3+ Kf6 41.Kf4 Nc5 42.Ne5 Bc8 43.Bd1 Ne4
44.Nc6 Nd2 45.Nd4 a4 46.bxa4 Nxc4 47.Nb5 Bd7 48.Nxc7 Nxa3 49.Na8 Nc4 50.Be2 Nb2
51.Nxb6 Bxa4 52.d6 Bb3 53.Nd7+ Kf7 54.Ne5+ Ke6 55.d7 Ke7 56.Kxf5 Bc2+ 57.Kf4 Bb3
58.Bb5 Be6 59.Ng6+ Kd8 60.Nf8 Bc4 61.Bxc4 Nxc4 62.Kf5 Nd6+ 63.Kg6 Ke7 64.g4 Ne4
65.Kxg7 Nf6 66.Kxh6 Nxg4+ 67.Kg7  1-0

[Event "Zaragoza op-A"]
[Site "Zaragoza"]
[Date "1995.??.??"]
[Round "2"]
[White "Komljenovic, Davor"]
[Black "Khenkin, Igor"]
[Result "1/2-1/2"]
[WhiteElo "2465"]
[BlackElo "2530"]

1.c4 b6 2.d4 e6 3.Nc3 Bb7 4.Nf3 Bb4 5.Bd2 f5 6.g3 Nf6 7.Bg2 O-O 8.O-O Qe7
9.Qc2 Bxc3 10.Bxc3 Be4 11.Qd2 d6 12.b4 Nbd7 13.a4 a6 14.Bh3 Bb7 15.Bb2 b5
16.cxb5 axb5 17.a5 Ne4 18.Qc2 Ndf6 19.Bc1 Rfc8 20.Bg2 Nd5 21.Bd2 c5 22.bxc5 dxc5
23.dxc5 Qxc5 24.Qxc5 Rxc5 25.Rfb1 Ndc3 26.Bxc3 Nxc3 27.Rb2 Na4 28.Rd2 Bd5
29.Ne1 Bxg2 30.Kxg2 Rxa5 31.Rd8+ Kf7 32.Rd7+ Kf6 33.Nd3 Rc2 34.Kf1 Ra8 35.f4 Rac8
36.Rb1 R2c7 37.Rxc7 Rxc7 38.Rxb5 Nc3 39.Rc5  1/2-1/2

[Event "Zaragoza op-A"]
[Site "Zaragoza"]
[Date "1995.??.??"]
[Round "8"]
[White "Foisor, Ovidiu"]
[Black "Khenkin, Igor"]
[Result "1/2-1/2"]
[WhiteElo "2415"]
[BlackElo "2530"]

1.c4 b6 2.b3 Bb7 3.Bb2 e6 4.e3 Nf6 5.Nf3 d5 6.Be2 Nbd7 7.O-O Bd6 8.d3 O-O
9.Nbd2 c5 10.a3 Qe7 11.Re1 Rad8 12.Qc2 Kh8  1/2-1/2

[Event "Ano Liosia op"]
[Site "Ano Liosia"]
[Date "1996.??.??"]
[Round "7"]
[White "Grivas, Efstratios"]
[Black "Matveeva, Svetlana"]
[Result "1/2-1/2"]
[WhiteElo "2475"]
[BlackElo "2445"]

1.c4 b6 2.Nc3 Bb7 3.e4 e6 4.Nf3 Bb4 5.Bd3 Na6 6.Bc2 Ne7 7.O-O O-O 8.Nb5 f5
9.a3 fxe4 10.Ng5 Nf5 11.Qh5 h6 12.Nxe4 Be7 13.Ng3 Nh4 14.f3 Bg5 15.d4 Bxc1
16.Raxc1 Rf4 17.Qe5 Qf6 18.Qxf6 Rxf6 19.b4 Nf5 20.Nxf5 exf5 21.c5 Bd5 22.Bd3 bxc5
23.dxc5 g6 24.Rfe1 Kf8 25.Nc3 Bb7 26.c6 dxc6 27.Na4 Rd8 28.Bc4 Rfd6 29.h4 h5
30.Re5 Rd1+ 31.Rxd1 Rxd1+ 32.Kf2 Rd4 33.Be2 Rd5 34.Re3 Rd2 35.Kg3 Rd4 36.Re5 Rd5
37.Kf4 Rxe5 38.Kxe5 Ke7 39.Bc4 Bc8 40.Bd3 Nb8 41.Nc5 Nd7+ 42.Nxd7 Bxd7 43.Bc4 Be8
44.Be6 c5 45.bxc5 Bb5 46.f4 Bf1 47.Bd5 Bb5 48.Kd4 a5 49.g3 Be2 50.Ke5 Bb5
51.c6 Ba4 52.Kd4 Kf6 53.Kc5 Ke7 54.Bc4 Kf6 55.Bb5 Bb3 56.Kd4 Ke7 57.Ke5 Kf7
58.Ba6 Ke7 59.Bc8 Bf7 60.Bd7 Bb3 61.Kd4 Ba4 62.Kc5 Kf7 63.Bc8 Ke7 64.Ba6 Kf6
65.Bb5 Bb3 66.Ba6  1/2-1/2